| 000 | 01842nam a2200493 i 4500 | ||
|---|---|---|---|
| 001 | 15609 | ||
| 003 | KOSZ 005 | ||
| 005 | 20200703085702.0 | ||
| 008 | 200422s1973 pl a f 001 0 pol | ||
| 015 | _aUWD 1973/9021 | ||
| 035 | _a991034314389705066 | ||
| 035 | _a(PL-WaBN)b19179078-48omnis_nlop | ||
| 035 | _ab19179078 | ||
| 035 | _a(OCoLC)750931308 | ||
| 035 | _a(PL)b0000001917907 | ||
| 035 | _a(EXLNZ-48OMNIS_NETWORK)9910033168805606 | ||
| 040 |
_aWA N _cWA N _dKOSZ 005/RW |
||
| 046 | _k1973 | ||
| 080 | _a621.313.1 | ||
| 080 | _a(07) | ||
| 100 | 1 |
_aLatek, Władysław _eAutor |
|
| 245 | 1 | 0 |
_aTurbogeneratory / _cWładysław Latek. |
| 260 |
_aWarszawa : _bWydawnictwa Naukowo-Techniczne, _c1973. |
||
| 300 |
_a806, [2] stron, [2] karty tablic : _bilustracje ; _c25 cm. |
||
| 336 |
_aTekst _btxt _2rdacontent |
||
| 337 |
_aBez urządzenia posredniczącego _bn _2rdamedia |
||
| 338 |
_aWolumin _bnc _2rdacarrier |
||
| 380 | _aKsiążki | ||
| 380 | _aPublikacje fachowe | ||
| 380 | _aPublikacje dydaktyczne | ||
| 388 | _a1901-2000 | ||
| 388 | _a1945-1989 | ||
| 504 | _aBibliografia na stronach 790-[800]. Indeks. | ||
| 521 | 8 | _aKsiążka jest przeznaczona dla inżynierów zajmujących się projektowaniem, konstruowaniem, wytwarzaniem oraz eksploatacją turbogeneratorów. Może być także przydatna dla studentów wydziałów elektrycznych o specjalności maszyny elektryczne. | |
| 650 | 7 |
_aTurbogeneratory _2DBN |
|
| 650 | 7 | _aBudowa i konstrukcje | |
| 650 | 7 | _aObsługa i eksploatacja | |
| 655 | 7 | _aPodręcznik | |
| 658 | _aInżynieria i technika | ||
| 710 | 2 |
_aWydawnictwa Naukowo-Techniczne _4pbl |
|
| 856 |
_uhttp://koha.tu.koszalin.pl/cgi-bin/koha/opac-detail.pl?biblionumber=15609 _yKatalog online BPK |
||
| 942 |
_2UKD _cKS |
||
| 999 |
_c15609 _d15609 |
||